Farebné multifunkčné zariadenia

Bibliographic Details
Main Author: Macko, Ondrej (Author)
Format: Article
Language:Slovak
PhysicalDescription:Obr., tab.
ISSN:1335-0226
Subjects:

MARC

LEADER 00000nab a2200000 a 4500
001 vtls000861319
003 SK-MaSNL
005 20260304122019.0
008 250429c2003 xo 0 slo
015 |a SNBRB2004/02-03687 
035 |a CLN000212915 
035 |a urn:nbn:sk:snk-abrse 
035 |a (urnnbn)urn:nbn:sk:snk:ar-a05e4s 
035 |a (uuid)9aecd2d3-ff87-4209-9102-6cedfa2e1564 
040 |a SNKBUCL  |b slo  |c SNKBUCL  |e AACR2 
041 0 |a slo 
044 |a xo  |c SK 
080 |a 004.35-027.242  |2 1981 
080 |a 681.625.9  |2 1981 
080 |a 621.397.742  |2 1981 
100 1 |a Macko, Ondrej  |4 aut  |9 270160 
245 1 0 |a Farebné multifunkčné zariadenia  |c Ondrej Macko 
300 |b Obr., tab. 
650 0 7 |a Brother MFC-890G (multifunkčné zariadenie)  |2 snkbucl  |9 1427522 
650 0 7 |a Canon MP730 photo (multifunkčné zariadenie)  |2 snkbucl  |9 1427523 
650 0 7 |a kancelárske multifunkčné zariadenia  |2 snkbucl  |9 1427524 
650 0 7 |a atramentové tlačiarne  |2 snkbucl  |9 73061 
650 0 7 |a periférne počítačové zariadenia  |2 snkbucl  |9 73708 
655 7 |a články z novín a časopisov  |2 snkbucl  |9 267496 
773 0 |t PC revue  |g Roč. 11, č. 9 (2003), s. 76-77  |x 1335-0226 
850 |a Slovenská národná knižnica 
852 |a Slovenská národná knižnica 
954 |a odborná, vedecká literatúra pôvodná (slovenská)  |2 lita 
958 |a article27 
958 |a OND 
958 |a EUIPO 
992 |a RBX 
999 |c 2887887  |d 2889817